Responses for Show #7950 - Friday, March 15, 2019

Lindsey Shultz game 2.

Contestants

[<< previous game]

Bianca Ligon, a history professor from Baltimore, Maryland

Brad Stylman, a health safety professional from Jersey City, New Jersey

Lindsey Shultz, a physician and healthcare analyst from Pittsburgh, Pennsylvania (whose 1-day cash winnings total $35,201)

[next game >>]

Jeopardy! Round responses

ON THE PGA TOUR
3-LETTER SCIENCE
CHANGE MY MIND
SIGNIFICANT OTHERS
BEWARE!
THE IDES OF MARCH
    $200 26
Tiger Woods

Bianca
    $200 11
a bit

Brad
    $200 8
proof

Brad
    $200 6
Sam Houston

Brad
    $200 16
(Lindsey: What is diving? [*]?)

scuba diving (or deep-sea diving)

Lindsey
    $200 1
Cincinnati

Lindsey
    $400 27
a slice

Lindsey
    $400 22
RNA

Lindsey
    $400 13
twist my arm

Triple Stumper
    $400 7
Warren Buffett

Lindsey
    $400 17
mushrooms

Brad
    $400 2
Wilson

Bianca
    $600 28
Jack Nicklaus

Brad
    $600 23
an ion

Lindsey
    $600 14
a smoking gun

Brad
    $600 9
Tonto

Bianca
    $600 18
the State department

Bianca
    $600 3
the escalator

Brad
    $800 29
Pebble Beach

Lindsey
    $1,100 24
tin

Lindsey
    $800 15
(Lindsey: What is mind-washing?)
(Alex: Mind--)
(Lindsey: [*].)
(Alex: Thank you very much. You narrowed it down for me.)

brainwashing

Lindsey
    $800 10
Cleves

Lindsey
    $800 19
Christmas lights

Brad
    $800 4
a cardinal

Bianca
    $1000 30
(Alex: And like most of America, I'm going to be watching the championship this weekend.)

Rory McIlroy

Triple Stumper
    $1000 25
TNT

Lindsey
    $1000 21
persuasion

Lindsey
    $1000 12
(Friedrich) Engels

Bianca
    $1000 20
the black mamba

Bianca
    $1000 5
Seoul (Korea)

Bianca

Scores at the first commercial break (after clue 15):

Lindsey Brad Bianca
$2,200 $1,800 $3,800

Scores at the end of the Jeopardy! Round:

Lindsey Brad Bianca
$7,700 $3,600 $5,600

Double Jeopardy! Round responses

THE NEW YORK TIMES 100 NOTABLE BOOKS OF 2018
IT'S CHINA, JAKE
POP CULTURE DOUBLE TALK
ERAS & AGES
"X" ENDS THE SPOT
THE IRISH-AMERICAN HALL OF FAME
(Alex: Of course, because St. Patty's Day is coming up.)
    $400 11
rest and relaxation

Lindsey
    $400 18
Everest

Lindsey
    $400 13
Bamm-Bamm

Brad
    $400 1
information age

Brad
    $400 6
(Bianca: What is vex?)
[Originally ruled incorrect; ruled correct before the first Daily Double.]

perplex

Bianca
    $800 12
safe spaces

Brad
    $800 19
Hong Kong

Brad
    $800 14
Mirror Mirror

Bianca
    $800 2
the Renaissance

Lindsey
    $800 7
flax

Brad
    $800 29
[The end-of-round signal sounds.]

Annie Sullivan

Lindsey
    $1200 23
(Lindsey: Who is Sam Spade?)

Philip Marlowe

Lindsey
Triple Stumper
    $1200 20
the Great Wall

Lindsey
    $1200 15
"Taki Taki"

Triple Stumper
    $1200 3
greenhouse gases

Lindsey
    $1200 8
an annex

Lindsey
    $1200 27
(Brad: Who is Jim Davis?)

Bill Murray

BradBianca
    $1600 24
Lorraine Hansberry

Lindsey
    $1600 21
Qing (or Manchu)

Lindsey
    $1600 16
"Rebel Rebel"

Brad
    $1600 4
1789

Brad
    $1600 9
the crucifix

Triple Stumper
    $1600 26
(Alex: Less than a minute now.)

Collins

Triple Stumper
    $4,000 25
Oklahoma City

Lindsey
    $2000 22
1949

Lindsey
    $2000 17
Promises, Promises

Triple Stumper
    $2000 5
the Meiji Restoration

Lindsey
    $2000 10
(Bianca: What is vex?)

transfix

Bianca
Triple Stumper
    $2,000 28
Eugene O'Neill

Bianca

Scores at the end of the Double Jeopardy! Round:

Lindsey Brad Bianca
$23,700 $8,800 $8,000
(lock game)

[wagering suggestions for these scores]

Final Jeopardy! Round responses

19th CENTURY NAMES
(Alex: [To Brad] He invented the saxophone.)
BiancaWho is Sousa?
$7,995
BradWho is Sax?
$7,201
LindseyWho is calliope?
$3,700
Adolphe Sax

Final scores:

Lindsey Brad Bianca
$20,000 $16,001 $5
2-day champion: $55,201 2nd place: $2,000 3rd place: $1,000

Game dynamics:

Coryat scores:

Lindsey Brad Bianca
$21,400 $8,800 $8,000
24 R
(including 2 DDs),
1 W
15 R,
1 W
12 R
(including 1 DD),
1 W

Combined Coryat: $38,200

[game clues] [game scores] [suggest correction]

Game tape date: 2019-01-29
The J! Archive is created by fans, for fans. Scraping, republication, monetization, and malicious use prohibited; this site may use cookies and collect identifying information. See terms. The Jeopardy! game show and all elements thereof, including but not limited to copyright and trademark thereto, are the property of Jeopardy Productions, Inc. and are protected under law. This website is not affiliated with, sponsored by, or operated by Jeopardy Productions, Inc. Join the discussion at JBoard.tv.